000 01095nam a2200289 i 4500
001 106424
003 ES-MaACL
005 20250624062931.0
007 t|
008 061114s1964 sp ||||1| spa d
080 _a75 Navarro Ramón, Juan (083.82)
100 1 _aNavarro Ramón, Juan.
_985163
245 1 0 _aNavarro Ramón
_b: [exposición, Sala de Santa Catalina del Ateneo de Madrid, diciembre de 1964] /
_c[texto: Miguel Fisac].
260 _a[Madrid] :
_bPublicaciones Españolas,
_c[1964]
300 _a[14] p. :
_bil. ;
_c28 cm.
490 1 _aCuadernos de arte. Colección ordinaria ;
_v178
600 0 4 _aNavarro Ramón, Juan
_985163
610 2 7 _aAteneo de Madrid-
_vExposiciones-
_y1960-1969.
_91920
655 7 _2tgfbne
_9193628
_aCatálogos de exposiciones
700 1 _aFisac, Miguel,
_d1913-2006
_950964
710 2 _aAteneo de Madrid.
_bSala de Santa Catalina.
_91964
830 0 _aCuadernos de arte. Colección ordinaria
_v178
_9180064
852 _aES-MaACL
_j2195-F-29;
852 _aES-MaACL
_jG-13302(11).
942 _2udc
999 _c106424
_d106424